|
|
|
|
| LEADER |
01631nam a2200397 i 4500 |
| 001 |
EBC6448187 |
| 003 |
MiAaPQ |
| 005 |
20210607093106.0 |
| 006 |
m o d | |
| 007 |
cr cnu|||||||| |
| 008 |
210607s2018 nyua o 000 0 eng d |
| 020 |
|
|
|z 9781642790207
|q (print)
|
| 020 |
|
|
|z 9781642790214
|q (electronic bk.)
|
| 035 |
|
|
|a (MiAaPQ)EBC6448187
|
| 035 |
|
|
|a (Au-PeEL)EBL6448187
|
| 035 |
|
|
|a (OCoLC)1235594396
|
| 040 |
|
|
|a MiAaPQ
|b eng
|e rda
|e pn
|c MiAaPQ
|d MiAaPQ
|
| 050 |
|
4 |
|a HF5718
|b .L846 2018
|
| 082 |
0 |
|
|a 658.45
|2 23
|
| 100 |
1 |
|
|a Luhn, Matthew,
|e author.
|
| 245 |
1 |
4 |
|a The best story wins :
|b how to leverage Hollywood storytelling in business and beyond /
|c Matthew Luhn.
|
| 264 |
|
1 |
|a New York :
|b MJ,
|c [2018]
|
| 264 |
|
4 |
|c 2018
|
| 300 |
|
|
|a 1 online resource (xxix, 130 pages) :
|b illustrations
|
| 336 |
|
|
|a text
|b txt
|2 rdacontent
|
| 337 |
|
|
|a computer
|b c
|2 rdamedia
|
| 338 |
|
|
|a online resource
|b cr
|2 rdacarrier
|
| 588 |
|
|
|a Description based on print version record.
|
| 590 |
|
|
|a Electronic reproduction. Ann Arbor, MI : ProQuest, 2018. Available via World Wide Web. Access may be limited to ProQuest affiliated libraries.
|
| 650 |
|
0 |
|a Business communication.
|
| 650 |
|
0 |
|a Communication in organizations.
|
| 650 |
|
0 |
|a Persuasion (Psychology)
|
| 655 |
|
4 |
|a Electronic books.
|
| 776 |
0 |
8 |
|i Print version:
|a Luhn, Matthew.
|t Best story wins : how to leverage Hollywood storytelling in business and beyond.
|d New York : MJ, c2018
|h xxix, 130 pages
|z 9781642790207
|
| 797 |
2 |
|
|a ProQuest (Firm)
|
| 856 |
4 |
0 |
|u https://ebookcentral.proquest.com/lib/matrademy/detail.action?docID=6448187
|z Click to View
|